| 000 | 00566nam a2200193 a 4500 | ||
|---|---|---|---|
| 001 | 1470 | ||
| 003 | CDMR | ||
| 005 | 20151019135402.0 | ||
| 008 | 130130s1993||||||||||||||||||||||||||||d | ||
| 040 |
_aCDMR _bcat _cCDMR |
||
| 100 | 1 |
_aBaget i Herms, Josep Maria _948 |
|
| 245 | 1 | 0 |
_aHistoria de la televisión en España (1956-1975) _cJosep Mª Baget Herms |
| 260 |
_aBarcelona _c1993 _bFeed-Back |
||
| 300 |
_a307 p ; _c21 cm |
||
| 650 | 0 | 4 |
_aTelevisió _zEspanya _91780 |
| 650 | 0 | 4 |
_91116 _aTelevisió _xHistòria |
| 610 | 2 |
_92814 _aTelevisión Española |
|
| 942 |
_cMON _2udc |
||
| 999 |
_c1470 _d1470 |
||